Most Played Songs Live - The Beatles - Statistics

General Stats
  • This quiz has been taken 455 times
  • The average score is 7 of 15
Answer Stats
Times Played Song % Correct
142 I Want To Hold Your Hand
87%
363 Twist and Shout (The Top Notes Cover)
77%
203 She Loves You
76%
156 A Hard Day's Night
64%
175 I Saw Her Standing There
60%
149 All My Loving
57%
195 Can't Buy Me Love
57%
196 Roll Over Beethoven (Chuck Berry Cover)
45%
169 From Me to You
42%
123 I Feel Fine
41%
124 Boys (The Shirelles Cover)
36%
241 Long Tall Sally (Little Richard Cover)
32%
153 I Wanna Be Your Man
24%
137 Money (That's What I Want) (Barrett Strong Cover)
21%
121 She's a Woman
15%
No matching quizzes found
Score Distribution
Percent of People with Each Score
Percentile by Number Answered
Your Score History
You have not taken this quiz